Citová investice-?

Hlavní autor: Hapka, Petr, 1944-2014
Korporativní autor: Filharmonici města Prahy
Další autoři: Bílá, Lucie, 1966-, Kocáb, Michael, 1954-, Landa, Daniel, 1968-, Müller, Richard, 1961-, Pošta, Artin, Horáček, Michal, 1952-
Jazyk: Čeština
Vydáno: Praha : B&M Music, p1997
Témata:
Fyzický popis: 1 CD ; 12 cm + 1 brožura [16 s.].
Zvukové nahrávky
Uloženo v:
LEADER 01834njm a2200469 a 4500
001 000248205
003 CZ BrMZK
005 79950101143423.0
008 950101s1997 xr f cze d
028 0 1 |a 0050-2  |b B&M Music 
040 |a BOA001  |b cze 
080 |a 784.4(086.7)  |2 MRF 
100 1 |a Hapka, Petr,  |d 1944-2014  |7 jn19981001418  |4 cmp  |4 prf 
245 1 0 |a Citová investice-?  |h [zvukový záznam] /  |c Hapka + Horáček. 
246 3 3 |a Smích z vedlejšího pokoje 
246 3 3 |a Soda okolností 
246 3 3 |a Utloukat čas 
246 3 3 |a Citová investice 
246 3 3 |a Dívám se, dívám 
246 3 3 |a Individualita 
246 3 3 |a Králíček Azurit 
246 3 3 |a Kurt Vonnegut 
246 3 3 |a Pod plynárnou 
260 |a Praha :  |b B&M Music,  |c p1997 
300 |a 1 CD ;  |c 12 cm +  |e 1 brožura [16 s.]. 
500 |a Texta písní v brožuře. - Soupis členů doprovod. skupiny v brožuře 
500 |a Nahr. 1996 
500 |a Durata neuv 
505 2 |a Smích z vedlejšío pokoje, Pod plynárnou, Individualita ... [et al] 
511 0 |a Michael Kocáb, zpěv; Richard Müller, zpěv; Petr Hapka, zpěv ... [et al.] Filharmonici města Prahy; Sbory divadel Ta fantastika a Spirála 
653 0 |a populární hudba  |a populární písně 
700 1 |a Bílá, Lucie,  |d 1966-  |7 jn19990209056  |4 prf 
700 1 |a Kocáb, Michael,  |d 1954-  |7 jn19990209455  |4 prf 
700 1 |a Landa, Daniel,  |d 1968-  |7 jn20000710404  |4 prf 
700 1 |a Müller, Richard,  |d 1961-  |7 jn20030319007  |4 prf 
700 1 |a Pošta, Artin  |4 prf 
700 1 |a Horáček, Michal,  |d 1952-  |7 jn20000401037  |4 lyr 
710 2 |a Filharmonici města Prahy  |7 ko2004226064 
910 |a BOA001  |b CD-0005.061 
964 |a Hudba populární  |x CD 
990 |a AV 
996 6 |b 261H005221  |c CD-0005.061  |l MZK  |r Sklad / do 24 hodin  |n 4  |p p.v.  |w 000248205  |u 000010  |a 1  |e BOA001  |j MZK50  |s P